[Event "Ogolnopolski Integracyjny Turniej Szacho"]
[Site "Osrodek "]
[Date "2012.??.??"]
[Round "4.22"]
[White "Woronowicz, Zbigniew"]
[Black "Olszewski, Jerzy"]
[Result "0-1"]
[WhiteElo "1554"]
[BlackElo "1806"]
[PlyCount "48"]
[EventDate "2012.??.??"]

1. Nf3 c5 2. c4 Nc6 3. e4 e5 4. d3 d6 5. Nc3 Nf6 6. g3 h6 7. Bg2 Bg4 8. Qb3 Rb8
9. O-O Qd7 10. Ne1 Be7 11. f3 Bh3 12. Rf2 Bxg2 13. Nxg2 a6 14. a3 O-O 15. Bd2
Nd4 16. Qd1 b5 17. cxb5 Nxb5 18. Ne2 Rb7 19. Rb1 Rfb8 20. b4 Nxa3 21. Rb3 cxb4
22. f4 a5 23. fxe5 dxe5 24. Nc1 Bc5 0-1

[Event "Ogolnopolski Integracyjny Turniej Szacho"]
[Site "Osrodek "]
[Date "2012.??.??"]
[Round "4.24"]
[White "Jurkiewicz, Kazimierz"]
[Black "Borkowski, Jozef"]
[Result "1-0"]
[WhiteElo "1468"]
[BlackElo "1717"]
[PlyCount "87"]
[EventDate "2012.??.??"]

1. d4 Nf6 2. Nf3 e6 3. Bg5 b6 4. e3 Bb7 5. Nbd2 Be7 6. Be2 h6 7. Bh4 g5 8. Bg3
Nc6 9. Be5 g4 10. Bxf6 Bxf6 11. Ng1 h5 12. f3 Ne7 13. Bd3 Nd5 14. Kf2 Qe7 15.
Be4 O-O-O 16. f4 Rdg8 17. Ne2 h4 18. a3 c5 19. c4 Nc7 20. Bxb7+ Kxb7 21. Ne4
g3+ 22. Kf3 gxh2 23. Rxh2 d5 24. Nxf6 Qxf6 25. b3 cxd4 26. Qxd4 Qf5 27. e4
dxe4+ 28. Qxe4+ Qxe4+ 29. Kxe4 Rg4 30. Kf3 f5 31. Rd1 Rhg8 32. Rd7 Kc6 33. Rh7
a5 34. R7xh4 R4g7 35. g3 Rd8 36. Nc1 Rgd7 37. Rh1 b5 38. R4h2 bxc4 39. bxc4 a4
40. Rc2 Na6 41. Ke3 Rd4 42. Rhh2 Re4+ 43. Kf3 Nc5 44. Rhe2 1-0

[Event "Ogolnopolski Integracyjny Turniej Szacho"]
[Site "Osrodek "]
[Date "2012.??.??"]
[Round "4.25"]
[White "Wojtowicz, Mieczyslaw"]
[Black "Pilecki, Jozef"]
[Result "1-0"]
[WhiteElo "1716"]
[BlackElo "1416"]
[PlyCount "27"]
[EventDate "2012.??.??"]

1. e4 e5 2. Nf3 Nc6 3. Be2 Nf6 4. d3 h6 5. O-O Bc5 6. c3 d5 7. b4 dxe4 8. bxc5
exf3 9. Bxf3 Bg4 10. Bxg4 Nxg4 11. Qxg4 g6 12. d4 exd4 13. cxd4 Qxd4 14. Re1+
1-0

[Event "Ogolnopolski Integracyjny Turniej Szacho"]
[Site "Osrodek "]
[Date "2012.??.??"]
[Round "4.26"]
[White "Tomczyk, Ryszard"]
[Black "Krawczyk, Zbigniew"]
[Result "1/2-1/2"]
[WhiteElo "1431"]
[BlackElo "1702"]
[PlyCount "45"]
[EventDate "2012.??.??"]

1. e4 c5 2. Nf3 Nc6 3. d4 cxd4 4. Nxd4 d6 5. Be3 Nf6 6. f3 g6 7. Qd2 Bg7 8. Be2
O-O 9. a3 a6 10. Nc3 Bd7 11. Bc4 Qc7 12. Ba2 Rac8 13. Rc1 Na5 14. Qe2 Nc4 15.
Bxc4 Qxc4 16. Qd3 b5 17. O-O h5 18. Rfd1 Kh7 19. Kf2 Qxd3 20. cxd3 Rc7 21. h3
Rfc8 22. Nde2 Be6 23. Nd4 1/2-1/2

[Event "Ogolnopolski Integracyjny Turniej Szacho"]
[Site "Osrodek "]
[Date "2012.??.??"]
[Round "4.30"]
[White "Juraszewski, Mieczyslaw"]
[Black "Jagiello, Adolf"]
[Result "1-0"]
[WhiteElo "1726"]
[BlackElo "1459"]
[PlyCount "31"]
[EventDate "2012.??.??"]

1. d4 d5 2. Nf3 Nc6 3. c4 f6 4. Nc3 e6 5. cxd5 exd5 6. h3 Bb4 7. Bf4 Nge7 8.
Rc1 O-O 9. e3 a6 10. Bd3 b5 11. O-O Bd6 12. Bxd6 Qxd6 13. a3 Bd7 14. Qe2 Bf5
15. Bxf5 g6 16. Bd3 1-0

[Event "Ogolnopolski Integracyjny Turniej Szacho"]
[Site "Osrodek "]
[Date "2012.??.??"]
[Round "4.31"]
[White "Kolcz, Jozef"]
[Black "Przybylak, Gabriela"]
[Result "1-0"]
[WhiteElo "1629"]
[BlackElo "1410"]
[PlyCount "25"]
[EventDate "2012.??.??"]

1. d4 e6 2. e4 d6 3. Nf3 h6 4. Bd3 Ne7 5. O-O Bd7 6. Bf4 a6 7. c3 Qc8 8. Nbd2
Bc6 9. Re1 Nd7 10. c4 g5 11. Bg3 Qd8 12. d5 exd5 13. exd5 1-0

[Event "Ogolnopolski Integracyjny Turniej Szacho"]
[Site "Osrodek "]
[Date "2012.??.??"]
[Round "4.32"]
[White "Ostrowski, Michal"]
[Black "Krupecka-czarkowska, Danuta"]
[Result "1-0"]
[WhiteElo "1418"]
[BlackElo "1364"]
[PlyCount "21"]
[EventDate "2012.??.??"]

1. Nc3 e5 2. Nf3 d6 3. e4 Nf6 4. h3 Nc6 5. Bc4 Be6 6. Bb5 Qd7 7. d3 a6 8. Ba4
Be7 9. Ng5 h6 10. Nxe6 fxe6 11. Bb3 {(...36)} 1-0

[Event "Ogolnopolski Integracyjny Turniej Szacho"]
[Site "Osrodek "]
[Date "2012.??.??"]
[Round "5.1"]
[White "Kiedrowicz, Jan"]
[Black "Bakalarz, Leszek"]
[Result "1/2-1/2"]
[WhiteElo "2298"]
[BlackElo "2161"]
[PlyCount "21"]
[EventDate "2012.??.??"]

1. Nf3 c5 2. g3 d5 3. Bg2 Nc6 4. d4 Nf6 5. O-O Bf5 6. dxc5 e6 7. b3 Bxc5 8. Bb2
O-O 9. a3 Rc8 10. Nbd2 Re8 11. b4 1/2-1/2

[Event "Ogolnopolski Integracyjny Turniej Szacho"]
[Site "Osrodek "]
[Date "2012.??.??"]
[Round "5.3"]
[White "Wojcieszyn, Jacenty"]
[Black "Dembowski, Andrzej"]
[Result "1-0"]
[WhiteElo "2240"]
[BlackElo "1911"]
[PlyCount "61"]
[EventDate "2012.??.??"]

1. d4 Nf6 2. c4 g6 3. Nc3 Bg7 4. e4 d6 5. h3 O-O 6. Bg5 h6 7. Be3 c6 8. Bd3 e5
9. d5 cxd5 10. cxd5 b6 11. Nge2 Na6 12. a3 Nc5 13. Bc2 a5 14. b4 axb4 15. axb4
Rxa1 16. Qxa1 Na6 17. Qa3 Nd7 18. Bd3 Ndb8 19. O-O f5 20. f3 Rf7 21. Na4 Rb7
22. Nac3 Bf8 23. Rc1 fxe4 24. Nxe4 b5 25. N4c3 Nc7 26. Qa5 Bd7 27. Bb6 Be7 28.
Nxb5 Rxb6 29. Qxb6 Nxb5 30. Qxd8+ Bxd8 31. Bxb5 1-0

[Event "Ogolnopolski Integracyjny Turniej Szacho"]
[Site "Osrodek "]
[Date "2012.??.??"]
[Round "5.4"]
[White "Kubin, Aleksander"]
[Black "Staruch, Roman"]
[Result "0-1"]
[WhiteElo "1891"]
[BlackElo "1957"]
[PlyCount "72"]
[EventDate "2012.??.??"]

1. e4 d5 2. exd5 Nf6 3. d4 Nxd5 4. c4 Nb6 5. Nf3 g6 6. Nc3 Bg7 7. Be2 O-O 8.
Be3 Nc6 9. Rc1 e5 10. d5 Ne7 11. O-O Nf5 12. c5 Nxe3 13. fxe3 Nd7 14. b4 Bh6
15. Qd2 e4 16. Ne1 a5 17. a3 axb4 18. axb4 Nf6 19. Nc2 Bg4 20. Bc4 Bf5 21. h3
b6 22. Qf2 Bg7 23. Ne2 bxc5 24. bxc5 Bc8 25. Nb4 Ra3 26. Nd4 Qe7 27. Bb3 Bd7
28. Qb2 Raa8 29. Qc3 Ra3 30. Qc4 Qe5 31. Ndc6 Qg3 32. Nc2 Bxh3 33. Ne1 Ng4 34.
Rf4 Qxe3+ 35. Kh1 Qxf4 36. Nf3 Rxb3 0-1

[Event "Ogolnopolski Integracyjny Turniej Szacho"]
[Site "Osrodek "]
[Date "2012.??.??"]
[Round "5.5"]
[White "Salamon, Jan"]
[Black "Krawcewicz, Lucyna"]
[Result "0-1"]
[WhiteElo "1802"]
[BlackElo "1948"]
[PlyCount "48"]
[EventDate "2012.??.??"]

1. e4 e6 2. d4 d5 3. Nd2 c5 4. c3 cxd4 5. cxd4 Nc6 6. Bb5 Qa5 7. Bxc6+ bxc6 8.
exd5 cxd5 9. Ne2 Nf6 10. O-O Bd6 11. Nb3 Qc7 12. h3 O-O 13. Bd2 Ba6 14. Rc1 Qb6
15. Re1 Bc4 16. Rc3 Ne4 17. Rf3 Nxd2 18. Qxd2 a5 19. Nc3 a4 20. Nc1 Rfb8 21. b3
axb3 22. axb3 Bxb3 23. g3 Bc4 24. Qg5 Qxd4 0-1

[Event "Ogolnopolski Integracyjny Turniej Szacho"]
[Site "Osrodek "]
[Date "2012.??.??"]
[Round "5.6"]
[White "Najdzionek, Boleslaw"]
[Black "Rogalski, Krzysztof"]
[Result "1-0"]
[WhiteElo "1921"]
[BlackElo "1854"]
[PlyCount "51"]
[EventDate "2012.??.??"]

1. d4 Nf6 2. c4 e6 3. Nc3 Bb4 4. Qc2 c5 5. e3 Nc6 6. Nf3 d5 7. a3 Bxc3+ 8. bxc3
O-O 9. Bd3 h6 10. O-O Re8 11. Bb2 e5 12. cxd5 Nxd5 13. c4 Nf6 14. dxe5 Ng4 15.
Rad1 Qc7 16. Be4 Ngxe5 17. Nxe5 Nxe5 18. Rd5 f6 19. Rfd1 Be6 20. Bxe5 fxe5 21.
Rd6 Rac8 22. h3 b6 23. Qd3 Re7 24. Bg6 Rf8 25. Rd8 Bf7 26. Bh7+ 1-0

[Event "Ogolnopolski Integracyjny Turniej Szacho"]
[Site "Osrodek "]
[Date "2012.??.??"]
[Round "5.7"]
[White "Relidzynski, Tadeusz"]
[Black "Jasinska-kuzia, Lidia"]
[Result "1-0"]
[WhiteElo "1913"]
[BlackElo "1670"]
[PlyCount "44"]
[EventDate "2012.??.??"]

1. e4 c5 2. Nf3 Nc6 3. d4 cxd4 4. Nxd4 e6 5. Nc3 Bb4 6. Ndb5 Bxc3+ 7. Nxc3 Nge7
8. Bd3 O-O 9. O-O Nb4 10. Bc4 b6 11. a3 Ba6 12. Bxa6 Nxa6 13. Bf4 Ng6 14. Bd6
Re8 15. e5 Rc8 16. Nb5 Rc4 17. Qd3 Qh4 18. b3 Rg4 19. Kh1 Qh5 20. f4 Nc5 21.
Bxc5 bxc5 22. Nd6 Rf8 1-0

[Event "Ogolnopolski Integracyjny Turniej Szacho"]
[Site "Osrodek "]
[Date "2012.??.??"]
[Round "5.9"]
[White "Niecko, Stanislaw"]
[Black "Pioch, Zygmunt"]
[Result "0-1"]
[WhiteElo "1828"]
[BlackElo "2120"]
[PlyCount "56"]
[EventDate "2012.??.??"]

1. c4 e5 2. Nc3 Bb4 3. g3 Bxc3 4. bxc3 Nf6 5. Bg2 O-O 6. Nf3 d6 7. O-O Nc6 8.
Rb1 Rb8 9. d3 Bd7 10. h3 e4 11. Nd4 Re8 12. Nxc6 Bxc6 13. d4 b6 14. Qc2 h6 15.
Be3 Bd7 16. Kh2 c5 17. Bf4 Qc7 18. Rfd1 Rbc8 19. d5 Bf5 20. g4 Bg6 21. e3 Nd7
22. Re1 Ne5 23. Bxe5 Rxe5 24. a4 Qd8 25. Kg3 h5 26. Rh1 Qg5 27. Qe2 Re7 28. h4
Qe5+ 0-1

[Event "Ogolnopolski Integracyjny Turniej Szacho"]
[Site "Osrodek "]
[Date "2012.??.??"]
[Round "5.10"]
[White "Szydlowski, Wiktor"]
[Black "Szczepaniec, Stanislaw"]
[Result "1/2-1/2"]
[WhiteElo "1835"]
[BlackElo "2052"]
[PlyCount "80"]
[EventDate "2012.??.??"]

1. e4 c5 2. Nf3 Nc6 3. g3 g6 4. Bg2 Bg7 5. O-O d6 6. h3 Nf6 7. Nc3 O-O 8. d3
Rb8 9. Rb1 b5 10. Be3 e5 11. Nd2 a5 12. Kh2 Be6 13. f4 Qc8 14. f5 Bd7 15. Rf2
Nd4 16. Bxd4 cxd4 17. Ne2 gxf5 18. exf5 Bxf5 19. Qf1 Bg6 20. Rxf6 Bxf6 21. Qxf6
Qxc2 22. Qg5 Qxd3 23. Re1 Qf5 24. Qh4 f6 25. Ne4 d5 26. Rf1 Qxf1 27. Bxf1 dxe4
28. Qh6 Rbc8 29. g4 Rc2 30. Kg3 Rxb2 31. Nc1 d3 32. Nb3 f5 33. gxf5 Rxf5 34.
Bg2 Rh5 35. Qe3 Re2 36. Qc1 Rc2 37. Qe3 a4 38. Nd2 Rxa2 39. Bxe4 Bxe4 40. Nxe4
Rf5 1/2-1/2

[Event "Ogolnopolski Integracyjny Turniej Szacho"]
[Site "Osrodek "]
[Date "2012.??.??"]
[Round "5.11"]
[White "Zieba, Teofil"]
[Black "Wojcieszyn, Zdzislaw"]
[Result "0-1"]
[WhiteElo "1772"]
[BlackElo "1958"]
[PlyCount "71"]
[EventDate "2012.??.??"]

1. e4 c5 2. Nc3 e6 3. g3 d5 4. exd5 exd5 5. d4 Nc6 6. Be3 c4 7. Bg2 Be6 8. Nge2
Bb4 9. O-O Nge7 10. a3 Ba5 11. Rb1 O-O 12. b4 cxb3 13. Rxb3 b6 14. Bf4 Qd7 15.
Bd2 Bg4 16. f3 Bh3 17. Nb1 Bxg2 18. Kxg2 Nf5 19. c3 Rfe8 20. Nf4 Ne3+ 21. Bxe3
Rxe3 22. Rf2 Rae8 23. Re2 Rxe2+ 24. Nxe2 Qf5 25. Rb2 Re3 26. Qf1 g5 27. g4 Qe6
28. Qf2 Ne7 29. Ng3 Bxc3 30. Nxc3 Rxc3 31. Re2 Qd6 32. Qe1 Rc7 33. Re5 h6 34.
Qb1 Qxa3 35. Nh5 Qc3 36. Qb5 0-1

[Event "Ogolnopolski Integracyjny Turniej Szacho"]
[Site "Osrodek "]
[Date "2012.??.??"]
[Round "5.12"]
[White "Zinczuk, Leon"]
[Black "Karolak, Jan"]
[Result "1/2-1/2"]
[WhiteElo "1907"]
[BlackElo "1906"]
[PlyCount "111"]
[EventDate "2012.??.??"]

1. e4 e6 2. d4 d5 3. Nd2 c5 4. exd5 Qxd5 5. Ngf3 cxd4 6. Bc4 Qh5 7. O-O Nc6 8.
Nb3 Bd7 9. Nbxd4 Nxd4 10. Nxd4 Qxd1 11. Rxd1 a6 12. Be3 Nf6 13. Bf4 Bc5 14. c3
O-O 15. Be2 Bxd4 16. Rxd4 Bc6 17. Rad1 Nd5 18. Bg3 Rfe8 19. c4 Nf6 20. Be5 b5
21. Bxf6 gxf6 22. Rd6 Rac8 23. cxb5 Bxb5 24. Bxb5 axb5 25. Kf1 Rc2 26. R1d2
Rec8 27. Ke2 R8c5 28. Rxc2 Rxc2+ 29. Rd2 Rc5 30. Kd3 f5 31. Rc2 Rd5+ 32. Kc3 e5
33. Rd2 b4+ 34. Kc2 Rb5 35. Kb3 f4 36. Kc4 Rb8 37. Rd5 f6 38. f3 Rc8+ 39. Kb3
Rb8 40. a3 bxa3+ 41. Kxa3 Ra8+ 42. Kb4 Rb8+ 43. Rb5 Rd8 44. Kc3 Rd1 45. b4 Rg1
46. Rb8+ Kf7 47. b5 Rxg2 48. b6 e4 49. b7 exf3 50. Ra8 f2 51. b8=Q f1=Q 52.
Qe8+ Kg7 53. Ra7+ Kh6 54. Qf8+ Kg6 55. Qg7+ Kf5 56. Qxh7+ 1/2-1/2

[Event "Ogolnopolski Integracyjny Turniej Szacho"]
[Site "Osrodek "]
[Date "2012.??.??"]
[Round "5.13"]
[White "Chmielowski, Stefan"]
[Black "Strojek, Kazimierz"]
[Result "0-1"]
[WhiteElo "1677"]
[BlackElo "1737"]
[PlyCount "34"]
[EventDate "2012.??.??"]

1. e4 e6 2. Nc3 d5 3. exd5 exd5 4. d4 c6 5. Nf3 Bd6 6. g3 Nf6 7. Bg2 O-O 8. O-O
Bg4 9. h3 Bh5 10. Be3 Re8 11. Qd2 Qc7 12. Rae1 Nbd7 13. Ne2 Re7 14. Bf4 Ne4 15.
Bxd6 Nxd2 16. Bxc7 Bxf3 17. Bxf3 Nxf3+ 0-1

[Event "Ogolnopolski Integracyjny Turniej Szacho"]
[Site "Osrodek "]
[Date "2012.??.??"]
[Round "5.14"]
[White "Kowalczyk, Lucjan"]
[Black "Wojtowicz, Mieczyslaw"]
[Result "1-0"]
[WhiteElo "2103"]
[BlackElo "1716"]
[PlyCount "96"]
[EventDate "2012.??.??"]

1. e4 e5 2. Nf3 d6 3. d4 exd4 4. Qxd4 Nc6 5. Bb5 Bd7 6. Bxc6 bxc6 7. Nc3 f6 8.
Be3 Ne7 9. Qc4 Ng6 10. Nd4 Ne5 11. Qa6 Be7 12. h3 O-O 13. f4 c5 14. Nde2 Bc8
15. Qb5 c6 16. Qa4 Nf7 17. Qxc6 Bd7 18. Qa6 Qb6 19. Qxb6 axb6 20. O-O-O b5 21.
Bxc5 Rfc8 22. Bb4 Rc4 23. Rd4 Kf8 24. b3 Rxd4 25. Nxd4 Ke8 26. Kb2 Rb8 27. Rd1
g5 28. g3 Bxh3 29. Ncxb5 Bg4 30. Rh1 h6 31. a4 gxf4 32. gxf4 Kd7 33. Bc3 h5 34.
Be1 Rg8 35. Bh4 Nd8 36. Rg1 Nf7 37. Nc3 Bd8 38. Nd5 Rg6 39. Re1 Rh6 40. Re3 f5
41. Bxd8 Kxd8 42. Nxf5 Bxf5 43. exf5 h4 44. Rh3 Rh5 45. c4 Nh8 46. Kc3 Kd7 47.
Kd4 Kc6 48. b4 Kb7 1-0

[Event "Ogolnopolski Integracyjny Turniej Szacho"]
[Site "Osrodek "]
[Date "2012.??.??"]
[Round "5.15"]
[White "Kurz, Krzysztof"]
[Black "Winiarski, Kazimierz"]
[Result "1/2-1/2"]
[WhiteElo "1640"]
[BlackElo "1941"]
[PlyCount "41"]
[EventDate "2012.??.??"]

1. d4 Nf6 2. c4 g6 3. Nf3 Bg7 4. Nc3 d5 5. Bg5 c6 6. cxd5 cxd5 7. e3 O-O 8. Bd3
Bg4 9. h3 Bxf3 10. Qxf3 Nbd7 11. Rc1 Qa5 12. O-O Rac8 13. Rc2 Rc7 14. Rfc1 Rfc8
15. Qe2 Kf8 16. f4 a6 17. a3 Rc6 18. Qd2 e6 19. Bh4 Qd8 20. Be2 Nb6 21. Bf3
1/2-1/2

[Event "Ogolnopolski Integracyjny Turniej Szacho"]
[Site "Osrodek "]
[Date "2012.??.??"]
[Round "5.16"]
[White "Wodas, Pawel"]
[Black "Krzystala, Henryk"]
[Result "1-0"]
[WhiteElo "1898"]
[BlackElo "1621"]
[PlyCount "40"]
[EventDate "2012.??.??"]

1. e4 c5 2. Nc3 e6 3. Nf3 Nc6 4. d4 cxd4 5. Nxd4 Be7 6. Be3 a6 7. Qd2 Nf6 8.
Be2 b5 9. f3 O-O 10. Rd1 Bb7 11. Nb3 d5 12. exd5 exd5 13. Nxd5 Qxd5 14. Qxd5
Nxd5 15. Rxd5 Nb4 16. Rd7 Nxc2+ 17. Kf2 Nxe3 18. Rxe7 Bd5 19. Rxe3 Rfe8 20.
Rxe8+ Rxe8 1-0

[Event "Ogolnopolski Integracyjny Turniej Szacho"]
[Site "Osrodek "]
[Date "2012.??.??"]
[Round "5.18"]
[White "Dulinski, Stanislaw"]
[Black "Zatylny, Jan"]
[Result "0-1"]
[WhiteElo "1851"]
[BlackElo "1614"]
[PlyCount "64"]
[EventDate "2012.??.??"]

1. e4 e6 2. f4 g6 3. d4 d5 4. e5 a6 5. Nf3 c5 6. c3 Nc6 7. Be3 Qb6 8. Qb3 Qxb3
9. axb3 cxd4 10. cxd4 Bb4+ 11. Nc3 Nge7 12. Bd3 O-O 13. O-O Nf5 14. Bxf5 gxf5
15. Na4 b5 16. Nc3 Bd7 17. Nd2 Rfc8 18. Rf3 Ne7 19. Ndb1 a5 20. Na2 Nc6 21.
Nac3 Ne7 22. Bf2 Ng6 23. h3 h6 24. Na2 Kh7 25. Nbc3 Be7 26. Nd1 Rc2 27. Rb1
Rac8 28. Ne3 Re2 29. Kf1 Rd2 30. Ke1 Rxd4 31. Nxf5 Re4+ 32. Ne3 d4 0-1

[Event "Ogolnopolski Integracyjny Turniej Szacho"]
[Site "Osrodek "]
[Date "2012.??.??"]
[Round "5.19"]
[White "Olszewski, Jerzy"]
[Black "Jurkiewicz, Kazimierz"]
[Result "1/2-1/2"]
[WhiteElo "1806"]
[BlackElo "1468"]
[PlyCount "67"]
[EventDate "2012.??.??"]

1. e4 e5 2. Nf3 Nc6 3. Bc4 h6 4. O-O Bc5 5. c3 d6 6. a4 a6 7. d3 Be6 8. Nbd2
Bxc4 9. Nxc4 Nge7 10. Be3 Ba7 11. Bxa7 Rxa7 12. a5 O-O 13. b4 Qd7 14. Qe2 Raa8
15. Nh4 f5 16. exf5 Nxf5 17. Nxf5 Qxf5 18. Ne3 Qg6 19. Rad1 Rf7 20. g3 Raf8 21.
Ng2 Ne7 22. Qa2 c6 23. Qd2 Kh7 24. Rde1 Nf5 25. f4 exf4 26. Rxf4 d5 27. Ref1
Kg8 28. Qe2 Rf6 29. Qf2 h5 30. Ne1 Ne7 31. Rxf6 Rxf6 32. Qe2 Re6 33. Qf3 Rf6
34. Qe2 1/2-1/2

[Event "Ogolnopolski Integracyjny Turniej Szacho"]
[Site "Osrodek "]
[Date "2012.??.??"]
[Round "5.20"]
[White "Panczuk, Boleslaw"]
[Black "Korycki, Jozef"]
[Result "1/2-1/2"]
[WhiteElo "1406"]
[BlackElo "1737"]
[PlyCount "27"]
[EventDate "2012.??.??"]

1. e4 e5 2. Nf3 Nc6 3. Bb5 Nge7 4. O-O a6 5. Ba4 d6 6. c3 b5 7. Bb3 Ng6 8. h3
Be7 9. d4 O-O 10. Re1 exd4 11. cxd4 Na5 12. Bc2 Nc6 13. a3 Re8 14. Nc3 {(...56)
} 1/2-1/2

[Event "Ogolnopolski Integracyjny Turniej Szacho"]
[Site "Osrodek "]
[Date "2012.??.??"]
[Round "5.22"]
[White "Debowski, Stanislaw"]
[Black "Tomczyk, Ryszard"]
[Result "1/2-1/2"]
[WhiteElo "1741"]
[BlackElo "1431"]
[PlyCount "101"]
[EventDate "2012.??.??"]

1. d4 Nf6 2. e3 b6 3. Bd3 Bb7 4. Nf3 d6 5. O-O Nbd7 6. Nbd2 e5 7. dxe5 dxe5 8.
Bc4 h6 9. a3 Bd6 10. Qe2 O-O 11. e4 a6 12. Re1 Qe7 13. Kh1 Nc5 14. Ng1 Rfe8 15.
f3 Ne6 16. c3 Nf4 17. Qf1 b5 18. Ba2 Bc5 19. g3 Ng6 20. Nb3 Bb6 21. Be3 c5 22.
Qf2 Rac8 23. Rad1 Nf8 24. Rd2 Ne6 25. Nc1 Red8 26. Red1 Rxd2 27. Rxd2 Nd7 28.
h4 Bd8 29. Nh3 c4 30. Bb1 Ndc5 31. Kh2 Ba8 32. Bc2 Qc7 33. Qg1 Be7 34. Bd1 Rd8
35. Be2 Rxd2 36. Bxd2 Na4 37. Na2 Nxb2 38. Nb4 Qd7 39. Be3 a5 40. Nc2 Na4 41.
Qe1 Bb7 42. Nf2 Bc8 43. Bf1 Kh7 44. Bh3 Qd8 45. Ng4 f6 46. Bf2 Qd3 47. Nge3
Qxc3 48. Qxc3 Nxc3 49. Nd5 b4 50. axb4 axb4 51. Nxe7 1/2-1/2

[Event "Ogolnopolski Integracyjny Turniej Szacho"]
[Site "Osrodek "]
[Date "2012.??.??"]
[Round "5.23"]
[White "Krawczyk, Zbigniew"]
[Black "Przybylowicz, Kazimierz"]
[Result "0-1"]
[WhiteElo "1702"]
[BlackElo "1732"]
[PlyCount "48"]
[EventDate "2012.??.??"]

1. c4 e5 2. Nc3 Bc5 3. Nf3 d6 4. a3 a5 5. d3 Nf6 6. g3 Be6 7. Bg2 c6 8. Bg5
Nbd7 9. Ne4 h6 10. Bxf6 gxf6 11. Nxc5 dxc5 12. h4 Qc7 13. h5 e4 14. Nh4 exd3
15. Qxd3 Ne5 16. Qc3 Ke7 17. b3 a4 18. f4 Ng4 19. b4 f5 20. O-O Rhg8 21. bxc5
Nf6 22. Kh2 Nxh5 23. Rf3 Nf6 24. Rd3 24... Ng4+ {(...51)} 0-1

[Event "Ogolnopolski Integracyjny Turniej Szacho"]
[Site "Osrodek "]
[Date "2012.??.??"]
[Round "5.25"]
[White "Prokopczuk, Antoni"]
[Black "Szynwelski, Ryszard"]
[Result "1-0"]
[WhiteElo "1748"]
[BlackElo "1414"]
[PlyCount "61"]
[EventDate "2012.??.??"]

1. e4 e6 2. d4 d5 3. e5 c5 4. Nf3 Nc6 5. c3 cxd4 6. cxd4 Nge7 7. Bd3 Ng6 8. O-O
a6 9. a3 Be7 10. b4 b5 11. Nbd2 Bb7 12. Nb3 Rc8 13. Be3 Ba8 14. Rc1 Qd7 15. Nc5
Qa7 16. Qd2 Bb7 17. Rc2 Qb6 18. Rfc1 Rc7 19. Nxb7 Qxb7 20. Rxc6 Rxc6 21. Bg5
Qc7 22. Rxc6 Qxc6 23. h4 Bxg5 24. Nxg5 h6 25. Nf3 Ne7 26. g4 Kd7 27. Qf4 Qc8
28. Kg2 Rf8 29. g5 h5 30. Qd2 g6 31. Qf4 {(...72)} 1-0

[Event "Ogolnopolski Integracyjny Turniej Szacho"]
[Site "Osrodek "]
[Date "2012.??.??"]
[Round "5.26"]
[White "Borkowski, Jozef"]
[Black "Woronowicz, Zbigniew"]
[Result "1-0"]
[WhiteElo "1717"]
[BlackElo "1554"]
[PlyCount "35"]
[EventDate "2012.??.??"]

1. e4 c5 2. Nf3 a6 3. a4 d6 4. Bc4 Nc6 5. d3 Nf6 6. c3 e5 7. Ng5 Be7 8. Nxf7
Qc7 9. Nxh8 d5 10. exd5 Nd8 11. Bg5 b5 12. axb5 a5 13. Bxf6 Bxf6 14. Qh5+ Kf8
15. Qxh7 Nf7 16. Nxf7 Qxf7 17. Qh8+ Ke7 18. d6+ 1-0

[Event "Ogolnopolski Integracyjny Turniej Szacho"]
[Site "Osrodek "]
[Date "2012.??.??"]
[Round "5.27"]
[White "Ostrowski, Michal"]
[Black "Rafalski, Krzysztof"]
[Result "1-0"]
[WhiteElo "1418"]
[BlackElo "1667"]
[PlyCount "45"]
[EventDate "2012.??.??"]

1. Nf3 g6 2. Nc3 b6 3. d4 Bb7 4. e4 Nf6 5. Bd3 Bg7 6. O-O O-O 7. Be3 d5 8. e5
Ne4 9. Ne2 f6 10. c3 e6 11. Qc1 fxe5 12. Nxe5 Bxe5 13. dxe5 Qh4 14. Ng3 Nxg3
15. hxg3 Qh5 16. Qd2 Nd7 17. f4 Rf7 18. Be2 Qf5 19. g4 Qe4 20. Bd3 Qa4 21. b3
Qa3 22. f5 exf5 23. e6 1-0

[Event "Ogolnopolski Integracyjny Turniej Szacho"]
[Site "Osrodek "]
[Date "2012.??.??"]
[Round "5.29"]
[White "Radwan, Jan"]
[Black "Pilecki, Jozef"]
[Result "1-0"]
[WhiteElo "1618"]
[BlackElo "1416"]
[PlyCount "40"]
[EventDate "2012.??.??"]

1. b4 d5 2. Bb2 e6 3. Nf3 f6 4. b5 Bd7 5. a4 Bd6 6. e3 b6 7. c4 c6 8. Be2 Ne7
9. O-O Qc7 10. Nc3 Ng6 11. h3 Ne5 12. cxd5 cxd5 13. Qb3 a5 14. bxa6 Nxa6 15.
Rfc1 Qb7 16. Nb5 Bxb5 17. Bxb5+ Nd7 18. Bc6 Qb8 19. Bxa8 Nac5 20. Qc2 Qxa8 1-0

[Event "Ogolnopolski Integracyjny Turniej Szacho"]
[Site "Osrodek "]
[Date "2012.??.??"]
[Round "5.30"]
[White "Jagiello, Adolf"]
[Black "Przybylak, Gabriela"]
[Result "1-0"]
[WhiteElo "1459"]
[BlackElo "1410"]
[PlyCount "31"]
[EventDate "2012.??.??"]

1. e4 e5 2. Nf3 d6 3. Bc4 Nf6 4. d3 Nbd7 5. Ng5 Qe7 6. Nxf7 Nb6 7. Nxh8 d5 8.
exd5 Nfxd5 9. O-O Nf6 10. Bg5 Qd6 11. Bxf6 gxf6 12. Qh5+ Kd7 13. Qxh7+ Kc6 14.
Qe4+ Kc5 15. c3 f5 16. b4# 1-0

[Event "Ogolnopolski Integracyjny Turniej Szacho"]
[Site "Osrodek "]
[Date "2012.??.??"]
[Round "6.1"]
[White "Krasowski, Slawomir"]
[Black "Kiedrowicz, Jan"]
[Result "0-1"]
[WhiteElo "1999"]
[BlackElo "2298"]
[PlyCount "114"]
[EventDate "2012.??.??"]

1. e4 c5 2. g3 d5 3. exd5 Qxd5 4. Qf3 Qd8 5. Bb5+ Nd7 6. c4 e6 7. Ne2 a6 8. Ba4
Rb8 9. Nbc3 b5 10. Bc2 Ne5 11. Qg2 f5 12. cxb5 Bb7 13. Qf1 axb5 14. f4 Nd3+ 15.
Bxd3 Qxd3 16. Rg1 Nf6 17. h3 c4 18. Qf2 Bc6 19. Qe3 Qd7 20. g4 b4 21. Nd1 Ne4
22. Qd4 Bc5 23. Qxd7+ Kxd7 24. Ne3 g6 25. Nxc4 Bxg1 26. Nxg1 Bb5 27. Ne5+ Ke7
28. a4 bxa3 29. Rxa3 Rhc8 30. Kd1 Ra8 31. Rxa8 Rxa8 32. b3 Ra2 33. Ne2 Bxe2+
34. Kxe2 Nc5 35. Nc6+ Kd6 36. Nd4 Kd5 37. Nb5 Ra1 38. Bb2 Rh1 39. b4 Nd7 40.
Nc7+ Kd6 41. Nb5+ Kc6 42. Nc3 Rh2+ 43. Kd1 Rxh3 44. g5 Rf3 45. Ne2 Kd6 46. Bc3
Rf1+ 47. Kc2 Rf2 48. Kd3 Kd5 49. Ke3 Rh2 50. d3 Rh3+ 51. Kd2 Rf3 52. Kc2 Rh3
53. Bg7 Rh2 54. Kd2 e5 55. Ke3 exf4+ 56. Nxf4+ Kc6 57. Bc3 Nb6 0-1

[Event "Ogolnopolski Integracyjny Turniej Szacho"]
[Site "Osrodek "]
[Date "2012.??.??"]
[Round "6.2"]
[White "Bakalarz, Leszek"]
[Black "Najdzionek, Boleslaw"]
[Result "1-0"]
[WhiteElo "2161"]
[BlackElo "1921"]
[PlyCount "47"]
[EventDate "2012.??.??"]

1. e4 g6 2. d4 d6 3. c4 c6 4. Nc3 Bg7 5. Be3 Nf6 6. h3 Qa5 7. Qd2 h5 8. a3 Nbd7
9. b4 Qc7 10. f4 a5 11. Rb1 axb4 12. axb4 e5 13. fxe5 dxe5 14. d5 b6 15. Bd3
Bb7 16. Nf3 O-O 17. O-O Ne8 18. c5 cxd5 19. exd5 bxc5 20. bxc5 Nxc5 21. Nb5 Qb6
22. Rfc1 Rc8 23. Rxc5 Rxc5 24. Qf2 1-0